[Event "Legion op"]
[Site "Warsaw"]
[Date "1989.??.??"]
[Round "2"]
[White "Jurek, Josef"]
[Black "Stoinev, Metodi"]
[Result "1-0"]
[WhiteElo "2355"]
[BlackElo "2340"]

1.Nf3 d5 2.c4 c6 3.b3 Nf6 4.g3 Bg4 5.Bg2 e6 6.Bb2 Nbd7 7.O-O Bc5 8.d4 Bd6
9.Ne5 Bh5 10.Nd2 O-O 11.Re1 a5 12.Qc2 Bg6 13.Nxg6 hxg6 14.a3 a4 15.b4 b5
16.e4 Be7 17.exd5 exd5 18.cxb5 cxb5 19.Nf3 Nb6 20.Ne5 Bd6 21.Bc1 Rc8 22.Qd1 Nc4
23.Bg5 Re8 24.Ng4 Rxe1+ 25.Qxe1 Be7 26.Ne3 Qd7 27.Qe2 Re8 28.Qd3 Ne4 29.Bxe7 Rxe7
30.Re1 f5 31.Re2 Qd6 32.g4 Nxf2 33.Kxf2 Qf4+ 34.Bf3 fxg4 35.Nxg4 Rf7 36.Kg2 Rf5
37.h3 Qc1 38.Ne5 Rg5+ 39.Bg4 Qxa3 40.Qxa3 Nxa3 41.Nf3  1-0

[Event "Legion op"]
[Site "Warsaw"]
[Date "1989.??.??"]
[Round "4"]
[White "Danailov, Silvio"]
[Black "Twardon, Marian"]
[Result "1-0"]
[WhiteElo "2385"]
[BlackElo "2295"]

1.Nf3 d5 2.c4 dxc4 3.Na3 c5 4.Nxc4 Nc6 5.g3 f6 6.Bg2 e5 7.O-O Be6 8.b3 Nge7
9.Bb2 Nf5 10.e3 Be7 11.d4 cxd4 12.exd4 exd4 13.Re1 Qd7 14.Qe2 Kf7 15.Ng5+ fxg5
16.Bxc6 Qc8 17.Bxb7 Bxc4 18.Qe4 Qe6 19.Bxa8 Rxa8 20.Qxa8 Bd5 21.Rxe6 Bxa8
22.Re5 g6 23.Rxf5+  1-0

[Event "Yerevan"]
[Site "Yerevan"]
[Date "1989.??.??"]
[Round "?"]
[White "Spiridonov, Nikola"]
[Black "Petrosian, Arshak B"]
[Result "1/2-1/2"]
[WhiteElo "2390"]
[BlackElo "2475"]

1.Nf3 d5 2.c4 d4 3.g3 Nc6 4.Bg2 e5 5.d3 Bb4+ 6.Nbd2 a5 7.O-O Nf6 8.b3 O-O
9.a3 Be7 10.Rb1 Re8 11.Ne1 Bf8 12.Nc2 Bf5 13.f3 Qd7 14.Ne4 Nxe4 15.fxe4 Be6
16.Bd2 Reb8 17.b4 axb4 18.axb4 b5 19.c5 Ra4 20.Ne1 Rba8 21.Nf3 Be7 22.Qe1 Ra2
23.Qf2 Rc2 24.Rfc1 Rxc1+ 25.Bxc1 Ra2 26.Qe1 Qd8 27.Qd1 Qa8 28.Kf1 h6 29.h4 Kf8
30.Bd2 Qa3 31.Ng1 Rb2 32.Qc1 Rxb1 33.Qxb1 g5 34.Qe1 Kg7 35.Nh3 g4 36.Nf2 Qb2
37.e3 Bf6 38.Kg1 h5 39.exd4 Qxd4 40.Kh2 Kg8 41.Bf1 Qb2 42.Bc3 Qb3 43.Nd1 Nd4
44.Bg2 Bg7 45.Ne3 Nf3+ 46.Bxf3 gxf3 47.Kg1 Bh6 48.Kf2 Bg4 49.Qc1 f6 50.Qb2 Bxe3+
51.Kxe3 Qd1 52.Qd2 Qg1+ 53.Qf2  1/2-1/2

[Event "Zenica"]
[Site "Zenica"]
[Date "1989.??.??"]
[Round "2"]
[White "Dizdarevic, Emir"]
[Black "Renet, Olivier"]
[Result "1-0"]
[WhiteElo "2510"]
[BlackElo "2480"]

1.Nf3 d5 2.c4 e6 3.g3 Nf6 4.Bg2 dxc4 5.Ne5 Qd4 6.f4 Nbd7 7.Qa4 Ne4 8.e3 Nc5
9.Qxc4 Qxc4 10.Nxc4 Nd3+ 11.Ke2 Nxc1+ 12.Rxc1 c6 13.Nc3 Nb6 14.Ne4 Nxc4 15.Rxc4 Bd7
16.Nc5 Bxc5 17.Rxc5 a5 18.Rac1 Ke7 19.d4 f5 20.e4 fxe4 21.Bxe4 h6 22.h4 Kd6
23.Bf3 Rhf8 24.R1c3 b6 25.Re5 Rab8 26.Bg4 Rf6 27.Rb3 Kc7 28.Rbe3 Kd6 29.Kd3 Bc8
30.Kc3 Bd7 31.Be2 Ra8 32.Bc4 Raf8 33.Kd2 Rd8 34.Ke2 Bc8 35.a3 Bd7 36.Kf3 Rdf8
37.Rb3 Kc7 38.Bd3 Rd8 39.Be4 Be8 40.Ke3 Bd7 41.Rc3 Kd6 42.Rc2 Rh8 43.Rd2 Rff8
44.d5 exd5 45.Bxd5 Kc7 46.Be6 Rd8 47.Bf7 Bg4 48.Re7+ Kb8 49.Rxd8+ Rxd8 50.Be8 Rd1
51.Rxg7 h5 52.Bxc6 Re1+ 53.Kd4 Rd1+ 54.Ke5 Re1+ 55.Kd6 Re6+ 56.Kd5 Re3 57.Kd4 Rxg3
58.f5  1-0

[Event "JUG-chT"]
[Site "Zlatibor"]
[Date "1989.??.??"]
[Round "?"]
[White "Cejic, Dusica"]
[Black "Petek, Mirjana"]
[Result "1/2-1/2"]
[WhiteElo "2225"]
[BlackElo "2205"]

1.Nf3 d5 2.c4 c6 3.Qc2 Nf6 4.d4 Bg4 5.cxd5 Bxf3 6.gxf3 cxd5 7.Bg2 Nc6 8.e3 e6
9.Nc3 Bd6 10.f4 g6 11.O-O Rc8 12.Qe2 O-O 13.Kh1 Nh5 14.Rg1 Kh8 15.Bf3 Ng7
16.Rg3 Nf5 17.Rh3 Rg8 18.Bg4 Qf6 19.Bd2 Rg7 20.Rg1 Bb8 21.Qf1 Nd6 22.Qg2 Rcg8
23.Ne2 Qe7 24.Bf3 f5 25.Qg5 Qxg5 26.fxg5 Ne4 27.Be1 Rd7 28.Bxe4 dxe4 29.f4 exf3
30.Rxf3 Rgd8 31.Bc3 Kg8 32.Nf4 Kf7 33.Nd3 b6 34.Rc1 Kg8 35.Be1 Ne7 36.Bg3 Bxg3
37.Rxg3 Rc8 38.Rxc8+ Nxc8 39.Nf4 Kf7 40.Rh3 Kg8 41.Nxe6 Nd6 42.Rg3 Ne4 43.Rg2 Kf7
44.Nf4 Rc7 45.Nd3 Ke6 46.h4 Nd6 47.Nf4+ Kf7 48.Re2 Rc8 49.Kg2 Ne4 50.Nd3 Rc7
51.Kf3 Ke6 52.a3 a5 53.Rg2 Kf7 54.Kf4 Ke6 55.Rh2 Kd5 56.h5 Rc6 57.hxg6 hxg6
58.Ne5 Rc1 59.Nf3 Rf1 60.Rc2 Nxg5 61.Kxg5 Rxf3 62.Kxg6 Ke4 63.Rc6 b5 64.Rc5 Rxe3
65.Rxf5 Rb3 66.d5 Rd3 67.Kf6 Rxd5 68.Rf2 Ke3 69.Ke6 Rd3 70.Rh2 b4  1/2-1/2

[Event "JUG-chT"]
[Site "Zlatibor"]
[Date "1989.??.??"]
[Round "?"]
[White "Simic, Radoslav"]
[Black "Djukic, Zeljko"]
[Result "1/2-1/2"]
[WhiteElo "2460"]
[BlackElo "2405"]

1.Nf3 d5 2.c4 d4 3.b4 c5 4.g3 cxb4 5.a3 bxa3 6.Bxa3 Nc6 7.d3 g6 8.Bg2 Bg7
9.Nbd2 Nh6 10.O-O O-O 11.Qb3 Qc7 12.Rfb1 Rb8 13.Ne1 Bg4 14.Ndf3 Rfc8 15.Nc2  1/2-1/2

[Event "JUG-chT"]
[Site "Zlatibor"]
[Date "1989.??.??"]
[Round "?"]
[White "Damljanovic, Branko"]
[Black "Simic, Radoslav"]
[Result "1/2-1/2"]
[WhiteElo "2555"]
[BlackElo "2460"]

1.Nf3 d5 2.c4 e6 3.d4 Nf6 4.Nc3 Be7 5.Bg5 O-O 6.e3 c6 7.Qc2 Nbd7 8.a3 Re8
9.Bd3 dxc4 10.Bxc4 Nd5 11.Ne4 h6 12.Bxe7 Rxe7 13.O-O e5 14.Rad1 exd4 15.Rxd4 N7b6
16.Ba2 Qc7 17.Nc5 Nf6 18.h3 Nbd7 19.Rfd1 Nf8 20.e4 b6 21.e5 N6d7 22.Nxd7 Bxd7
23.Rd6 Rc8 24.Qe4 c5 25.Nh4 c4 26.Nf5 Bxf5 27.Qxf5 Rce8 28.f4 Qc5+ 29.Kh2 Ne6
30.Rf1 c3 31.bxc3 Qxc3 32.Rf3 Qc1 33.Bxe6 fxe6 34.Qd3 Kh8 35.Rd8 Qc7 36.Rxe8+ Rxe8
37.Qg6 Qe7 38.Rd3 Kg8 39.Rd6 Qf7 40.Qe4 Rf8 41.Kg3 Kh8 42.a4 Kg8 43.Qc4  1/2-1/2

[Event "Zuerich op"]
[Site "Zuerich"]
[Date "1989.??.??"]
[Round "?"]
[White "Klinger, Josef"]
[Black "Simon, Ralf Axel"]
[Result "0-1"]
[WhiteElo "2475"]
[BlackElo "2320"]

1.Nf3 d5 2.c4 e6 3.b3 d4 4.g3 c5 5.Bg2 Ne7 6.O-O Nec6 7.e3 Bd6 8.exd4 cxd4
9.d3 O-O 10.Na3 Re8 11.Nc2 e5 12.Re1 a5 13.Ng5 h6 14.Ne4 Bc7 15.Qh5 Nd7 16.g4 Nf6
17.Nxf6+ Qxf6 18.Be4 g6 19.Qxh6 Bxg4 20.Bd5 Bf5 21.Bg5 Qg7 22.Qh4 Bxd3 23.Bf6 Bd8
24.Qg3 Bxf6 25.Qxd3 Bg5 26.Kh1 Qf6 27.Rg1 Kg7 28.a3 Rh8 29.Ne1 Rxh2+ 30.Kxh2 Qxf2+
31.Ng2 Rh8+ 32.Qh3 Bf4+  0-1

[Event "Aarhus (Women)"]
[Site "Aarhus"]
[Date "1990.??.??"]
[Round "2"]
[White "Janus, Elfi"]
[Black "Jensen, Christine"]
[Result "1/2-1/2"]
[WhiteElo "2115"]
[BlackElo "2040"]

1.Nf3 d5 2.c4 c6 3.b3 Nf6 4.g3 g6 5.Bg2 Bg7 6.Bb2 O-O 7.O-O Re8 8.d3 Nbd7
9.Nbd2 e5 10.cxd5 cxd5 11.Qc2 Re6 12.Rac1 Rc6 13.Qb1 Ne8 14.Qa1 Qe7 15.e4 Rxc1
16.Rxc1 d4 17.Nc4 b5 18.Na5 Ba6 19.Rc6 Nb8 20.Rc2 Qb4 21.Qe1 Qxe1+ 22.Nxe1 Bf8
23.a3 b4 24.a4 Nd7 25.f4 f6 26.Bh3 Nc5 27.Nc4 Nd6 28.Nxe5 Ndxe4 29.dxe4 fxe5
30.fxe5 d3 31.Rd2 Nxe4 32.Be6+ Kh8 33.Rxd3 Bxd3 34.Nxd3 Rd8 35.Bc4 Bg7 36.Bc1 Bxe5
37.Nxe5 Rd1+ 38.Kg2 Rxc1 39.Nc6 Nd6 40.Bd5 a5 41.Kf2 Rc5 42.Bf3 Nf5 43.g4 Ng7
44.Nd4 Kg8 45.Ke3 Kf7 46.Be2 Kf6 47.Bb5 Ne6 48.Nc6 Rc3+ 49.Kd2 Rxb3 50.Nxa5 Rb2+
51.Kc1 Rxh2 52.Nc6 b3 53.a5 Nc7 54.Bd3 b2+ 55.Kb1 Nd5 56.Bc2 Re2 57.Nd4 Rf2
58.a6 Nc7 59.a7 Rf4 60.Nb5 Na8 61.Nc3 Rxg4 62.Be4 Rxe4 63.Nxe4+ Ke5 64.Nf2 h5
65.Kxb2 g5 66.Kc3 Kf4 67.Kd4 g4 68.Kd5 g3 69.Nh3+ Kg4 70.Ng1 h4 71.Kc6 h3
72.Nxh3 Kxh3 73.Kb7 g2 74.Kxa8 g1=Q 75.Kb8 Qb6+ 76.Ka8 Qd8+ 77.Kb7  1/2-1/2

[Event "Adelaide op"]
[Site "Adelaide"]
[Date "1990.??.??"]
[Round "6"]
[White "Djuric, Stefan"]
[Black "Hay, Trevor"]
[Result "1-0"]
[WhiteElo "2515"]
[BlackElo "2340"]

1.Nf3 d5 2.c4 d4 3.e3 Nc6 4.exd4 Nxd4 5.Nxd4 Qxd4 6.Nc3 Nf6 7.Be2 e5 8.d3 Qh4
9.O-O Bc5 10.Nb5 O-O 11.b4 Bxb4 12.Nxc7 Rb8 13.Bb2 Nd7 14.g3 Qh6 15.Bf3 Bd6
16.Bc1 Qg6 17.Be4 f5 18.Bd5+ Kh8 19.Nb5 Bc5 20.d4 a6 21.dxc5 axb5 22.cxb5 Nxc5
23.Qc2 b6 24.Bb2 Be6 25.Bc6 e4 26.Ba3 Nd3 27.Bxf8 Rxf8 28.Rad1 Qf7 29.f3 Bc4
30.fxe4 Nb4 31.Qc3 Bxf1 32.Rxf1 Nxa2 33.Qa3 Rd8 34.Rxf5 Rd1+ 35.Kg2 Rd2+
36.Kh3 Qe6 37.Qf8+ Qg8 38.Bd5 Rxd5 39.exd5  1-0

[Event "Altensteig"]
[Site "Altensteig"]
[Date "1990.??.??"]
[Round "8"]
[White "Wirthensohn, Heinz"]
[Black "Chernin, Alexander"]
[Result "0-1"]
[WhiteElo "2430"]
[BlackElo "2600"]

1.Nf3 d5 2.c4 d4 3.a3 g6 4.b4 Bg7 5.Bb2 Nh6 6.g3 O-O 7.d3 b6 8.Bg2 Bb7 9.O-O c5
10.Nbd2 Nd7 11.Nb3 e5 12.Bc1 Nf5 13.Bd2 Rc8 14.bxc5 bxc5 15.Na5 Ba8 16.Ne1 Bxg2
17.Nxg2 Nb6 18.Rb1 Qd7 19.Qc2 h5 20.h4 Rfe8 21.Kh2 Bh6 22.Bxh6 Nxh6 23.e4 dxe3
24.fxe3 e4 25.dxe4 Rcd8 26.Nb3 Qd3 27.Qxd3 Rxd3 28.Nxc5 Rxa3 29.Ra1 Ng4+
30.Kg1 Nxc4 31.Rxa3 Nxa3 32.Ra1 Nb5 33.Ra5 Nc3 34.Rxa7 Ne2+ 35.Kf1 Nxg3+
36.Ke1 Nxe4 37.Nxe4 Rxe4 38.Ke2 Nh6 39.Kf3 Rb4 40.Ra1 Nf5 41.Rh1 Kg7 42.Nf4 Ra4
43.Ng2 Rg4 44.Rh2 Kf6 45.Rh3 Ke5 46.Rh1 Rg3+ 47.Kf2 Ke4 48.Ra1 Rf3+ 49.Kg1 Nxe3  0-1

[Event "JUG-chT FL"]
[Site "Arandjelovac"]
[Date "1990.??.??"]
[Round "9"]
[White "Vebic, Kasem"]
[Black "Abramovic, Bosko"]
[Result "0-1"]
[WhiteElo "2265"]
[BlackElo "2495"]

1.Nf3 d5 2.c4 e6 3.g3 Nf6 4.Bg2 dxc4 5.O-O c5 6.Na3 Nc6 7.Nxc4 Be7 8.b3 O-O
9.Bb2 Qc7 10.Nfe5 Bd7 11.Nxd7 Qxd7 12.d3 Rac8 13.Qd2 Nd5 14.Rad1 Rfd8 15.f4 Bf6
16.Bxf6 Nxf6 17.Kh1 Qc7 18.Qb2 b5 19.Na3 a6 20.Nc2 Qb6 21.e3 Rc7 22.Bf3 Rcd7
23.Ne1 Nd5 24.Qf2 Ndb4 25.Qg2 Ne7 26.Qe2 Qa5 27.Rf2 Nbd5 28.Rc1 Nc3 29.Qd2 b4
30.g4 e5 31.Qc2 exf4 32.exf4 Qc7 33.Bg2 Nc6 34.Qd2 Re7 35.Bf1 Nd4 36.f5 f6
37.Ng2 Qc6 38.Rxc3 bxc3 39.Qxc3 Qd5 40.Qa5 Qd6 41.Rf4 Rde8 42.Qc3 Qd5 43.Qd2 Re1
44.Kg1 Ne2+ 45.Kf2 Rxf1+ 46.Kxf1 Nxf4 47.Qxf4 Qxd3+ 48.Kg1 Qb1+ 49.Qf1 Qxf1+
50.Kxf1 Re4  0-1

[Event "JUG-chT FL"]
[Site "Arandjelovac"]
[Date "1990.??.??"]
[Round "10"]
[White "Novoselski, Zoran"]
[Black "Jovcic, Milan"]
[Result "1/2-1/2"]
[WhiteElo "2355"]
[BlackElo "2300"]

1.Nf3 d5 2.c4 e6 3.g3 Nf6 4.Bg2 Be7 5.O-O O-O 6.b3 c5 7.Bb2 Nc6 8.e3 b6 9.d3 Bb7
10.Qe2 Qc7 11.Nc3 Rad8 12.cxd5 exd5 13.d4 Qc8 14.dxc5 Ba6 15.Nb5 bxc5 16.Rfd1 Qb7
17.Bf1 Rb8 18.a4 Na5 19.Be5 Nxb3 20.Rab1 c4 21.Bxb8 Rxb8 22.Nfd4 Nxd4 23.exd4 Qd7
24.Nc3 Re8 25.Qf3 Bd8 26.Re1 Rxe1 27.Rxe1 Bb7 28.Rb1 Bc6 29.Rb8 h6 30.Bh3 Qe7
31.Qe3 Kf8 32.Qe5 Ne8 33.Nxd5 Qxe5 34.dxe5 Ba5 35.Nb4 Bxa4 36.Bf5 c3 37.Bc2 Bd7
38.Rb7 Nc7 39.Rxa7 Bb6 40.Rb7 Ba5 41.Be4 Ke7 42.Na2 Kd8 43.Kg2 Nb5 44.f4 c2
45.Rxd7+ Kxd7 46.Bxc2 Nd4 47.Bd3 Ke6 48.Bc4+ Ke7 49.Nc1 f6 50.Nd3 Bc7 51.exf6+ Kxf6
52.Nb4 Bd6 53.Nd5+ Kg6 54.g4 Kh7 55.h4 g6 56.Kf2 Kg7 57.Ke3 Nc2+ 58.Ke4 Nb4
59.Nc3 Be7 60.h5 gxh5 61.gxh5 Bf6 62.Ne2 Nc6 63.Kd5 Ne7+ 64.Ke6 Nc6 65.Ng3 Nd4+
66.Kd5 Kf7 67.Bd3 Ke7 68.Bg6 Bg7 69.Bf5 Nb5 70.Bg4 Nd4 71.Nf1 Nc2 72.Bf5 Nd4
73.Bg4 Nc2 74.Ke4 Nd4 75.Ne3 Kf7 76.Bf5 Ke7 77.Bh7 Kf7 78.Nd5 Nb5 79.Bg6+ Kf8
80.Kd3 Bb2 81.Kc4 Nd6+ 82.Kc5 Nc8 83.f5 Ne7 84.Nb6 Ba3+ 85.Kb5 Ng8 86.Kc6 Nf6
87.Nc4 Bb4 88.Kc7 Ke7 89.Kc8 Bc3 90.Kc7 Nd5+ 91.Kc6 Nf6 92.Nd6 Bd4 93.Nc8+ Kd8  1/2-1/2

[Event "AUT-chT"]
[Site "Austria"]
[Date "1990.??.??"]
[Round "?"]
[White "Grillitsch, Karl"]
[Black "Kwatschewsky, Leo"]
[Result "1-0"]
[WhiteElo "2290"]
[BlackElo "2325"]

1.Nf3 d5 2.c4 c6 3.b3 Nf6 4.g3 Bf5 5.Bg2 e6 6.O-O Be7 7.Bb2 O-O 8.d3 h6 9.Nbd2 Nbd7
10.a3 a5 11.Rc1 Bh7 12.Rc2 Qb6 13.Qa1 Rfc8 14.Ne5 Bf8 15.Nxd7 Nxd7 16.Rfc1 Qd8
17.Bc3 b5 18.cxb5 cxb5 19.Bxa5 Qxa5 20.Rxc8 Rxc8 21.Rxc8 Qxd2 22.Rd8 Nf6
23.a4 Qa5 24.Rc8 Bf5 25.Qc3 Qa6 26.Qc5 Nd7 27.Qc7 e5 28.Bxd5 g6 29.Bc6 bxa4
30.Bxd7 Bxd7 31.Qxd7 axb3 32.Rc7 Qf6 33.Rb7 e4 34.Rxb3 exd3 35.Rxd3 Kh7 36.Rf3  1-0

[Event "AUT-chT"]
[Site "Austria"]
[Date "1990.??.??"]
[Round "?"]
[White "Duer, Arne"]
[Black "Plachetka, Jan"]
[Result "0-1"]
[WhiteElo "2390"]
[BlackElo "2425"]

1.Nf3 d5 2.c4 e6 3.d4 Nf6 4.Bg5 Nbd7 5.e3 Bb4+ 6.Nbd2 h6 7.Bxf6 Qxf6 8.Qb3 Bxd2+
9.Nxd2 c6 10.Be2 O-O 11.O-O b6 12.cxd5 exd5 13.Rac1 Bb7 14.Bg4 Qd6 15.Rfd1 Nf6
16.Bf3 Rab8 17.g3 Rfc8 18.Bg2 Ba8 19.Qa4 a5 20.a3 Bb7 21.Rc3 c5 22.dxc5 Rxc5
23.Rxc5 Qxc5 24.Nf3 Qc4 25.Qxc4 dxc4 26.Rd6 Be4 27.Ne5 b5 28.Bxe4 Nxe4 29.Ra6 a4
30.Nc6 Rb7 31.Ra8+ Kh7 32.Nd4 c3 33.bxc3 Nxc3 34.Ra5 Kg6 35.Kg2 Kf6 36.f4 Ke7
37.Ra6 Nb1 38.Nf5+ Kd7 39.Rd6+ Kc7 40.Rd3 b4 41.axb4 a3 42.Rd5 a2 43.Ra5 Nc3
44.Nd4 Rxb4 45.Kf3 Kb6 46.Ra3 Rb2 47.h4 Nb5 48.Nxb5 Kxb5 49.Ra8 h5 50.g4 hxg4+
51.Kxg4 Kc4 52.e4 Kb3 53.e5 Rb1 54.f5 a1=Q 55.Rxa1 Rxa1 56.e6 fxe6 57.fxe6 Kc4
58.Kf5 Kd5 59.Kg6 Ra7  0-1

[Event "Badenweiler op"]
[Site "Badenweiler"]
[Date "1990.??.??"]
[Round "7"]
[White "Gross, Stefan"]
[Black "Klebel, Martin"]
[Result "1/2-1/2"]
[WhiteElo "2400"]
[BlackElo "2370"]

1.Nf3 d5 2.c4 c6 3.d4 Nf6 4.Qb3 dxc4 5.Qxc4 Bf5 6.g3 Nbd7 7.Bg2 e6 8.Nc3 Be7
9.O-O O-O 10.e3 Ne4 11.Nd2 Nxd2 12.Bxd2 e5 13.e4 exd4 14.exf5 dxc3 15.Bxc3 Bf6
16.Bb4 Re8 17.Rad1 Qc7 18.Qc2 Rad8 19.Bd6 Qb6 20.Rd3 Be5 21.Rb3 Qa6 22.Bxe5 Nxe5
23.f6 gxf6 24.Be4 Ng6 25.Bd3 b5 26.a3 Qb6 27.Rc1 Rd6 28.Rc3 b4 29.Rxc6 Rxc6
30.Qxc6 Qxc6 31.Rxc6 bxa3 32.bxa3 Ne5 33.Rd6 Nxd3 34.Rxd3 Kg7 35.Rd5 Re5
36.Rd4 h5 37.Kg2 Kg6 38.Kf3 a5 39.Kf4 Re2 40.Kf3 Re5 41.h4 f5 42.Rd6+ f6
43.Rd3 Re4 44.Rb3 Ra4 45.Ke3 f4+ 46.gxf4 Kf5 47.f3 Kg6 48.Rc3  1/2-1/2

[Event "Barcelona Vulca"]
[Site "Barcelona"]
[Date "1990.??.??"]
[Round "4"]
[White "Pomes Marcet, Juan"]
[Black "Rodriguez Vargas, Orestes"]
[Result "0-1"]
[WhiteElo "2420"]
[BlackElo "2500"]

1.Nf3 d5 2.c4 e6 3.b3 c5 4.g3 Nc6 5.Bb2 d4 6.Bg2 e5 7.d3 Bd6 8.O-O Nge7 9.e3 O-O
10.Nbd2 f6 11.Ne4 dxe3 12.fxe3 Bg4 13.h3 Bxf3 14.Qxf3 f5 15.Nxd6 Qxd6 16.Rad1 Rad8
17.a3 a5 18.Bc3 Qg6 19.Kh2 h5 20.Qe2 Qh6 21.d4 exd4 22.exd4 cxd4 23.Bxa5 d3
24.Qe1 Nxa5 25.Qxe7 Rfe8 26.Qc7 Nxb3 27.Rxf5 Kh8 28.Qf7 g6 29.Rb5 Rf8 30.Qe7 Nd4
31.Rxb7 Rde8 32.Qd7 Ne2 33.Rxd3 h4 34.Qd6 hxg3+ 35.Rxg3 Qc1 36.Qc5 Qf4 37.Qc7 Qxc7
38.Rxc7 Nxg3 39.Kxg3 Re3+ 40.Kg4 Rxa3 41.Bd5 Rf1 42.Rf7 Rg1+ 43.Kh4 Rgg3
44.Be6 Rge3 45.Bg4 Re5 46.Rd7 Rc3 47.Rd5 Re7 48.Kg5 Kg7 49.Rc5 Rce3 50.Bc8 Rg3+
51.Bg4 Rg1 52.Rd5 Rc7 53.Rb5 Rc1 54.Be6 Re7 55.Rb6 Rf1 56.Bd5 Re5+ 57.Kg4 Kh6
58.h4 Ref5 59.Rb8 Rg1+ 60.Kh3 Re5 61.Rf8 Rd1 62.Kg3 Rg1+ 63.Kf4 Rxd5  0-1

[Event "Belgorod"]
[Site "Belgorod"]
[Date "1990.??.??"]
[Round "?"]
[White "Szekely, Peter"]
[Black "Gusev, Vladimir A"]
[Result "1-0"]
[WhiteElo "2420"]
[BlackElo "2360"]

1.Nf3 d5 2.c4 e6 3.g3 Nf6 4.Bg2 dxc4 5.Qa4+ Nbd7 6.Qxc4 c5 7.Qb3 Rb8 8.a4 Be7
9.O-O O-O 10.d3 b6 11.Bf4 e5 12.Nxe5 Nxe5 13.Bxe5 Bd6 14.Bxd6 Qxd6 15.Nd2 Re8
16.Rfe1 Bg4 17.Nf3 Nd5 18.Ng5 Rbd8 19.e4 Qe7 20.Nxf7 Kxf7 21.Re3 Qg5 22.Rae1  1-0

[Event "Bern zt"]
[Site "Bern"]
[Date "1990.??.??"]
[Round "12"]
[White "Brestian, Egon"]
[Black "Bruk, Ofer"]
[Result "1/2-1/2"]
[WhiteElo "2470"]
[BlackElo "2435"]

1.Nf3 d5 2.c4 dxc4 3.Na3 c5 4.Nxc4 Nc6 5.e3 Nf6 6.Be2 e6 7.O-O Be7 8.d4 O-O
9.a3 cxd4 10.exd4 Nd5 11.Nce5 Nxe5 12.dxe5 Bd7 13.Bd3 Qb6 14.Qe2 Rfd8 15.Re1 Rac8
16.Bg5 Bxg5 17.Nxg5  1/2-1/2

[Event "Biel op"]
[Site "Biel"]
[Date "1990.??.??"]
[Round "3"]
[White "Neckar, Lubomir"]
[Black "Smagin, Sergey"]
[Result "1/2-1/2"]
[WhiteElo "2340"]
[BlackElo "2550"]

1.Nf3 d5 2.c4 e6 3.g3 dxc4 4.Qa4+ Bd7 5.Qxc4 c5 6.Bg2 Nc6 7.O-O Nf6 8.d4 b5
9.Qd3 Rc8 10.dxc5 Bxc5 11.Nc3 b4 12.Nb5 O-O 13.Nd6 Nd4 14.Nxd4 Bxd6 15.Nb5 Bxb5
16.Qxb5 Rc2 17.Be3 Qe7 18.Rfc1 Rxb2 19.Bd4 Rxe2 20.Be3 Rb2 21.Bd4 Rd2 22.Be3 Rb2  1/2-1/2

[Event "Biel op"]
[Site "Biel"]
[Date "1990.??.??"]
[Round "6"]
[White "Cvitan, Ognjen"]
[Black "Soffer, Ram"]
[Result "1/2-1/2"]
[WhiteElo "2515"]
[BlackElo "2440"]

1.Nf3 d5 2.c4 e6 3.d4 Nf6 4.Nc3 Bb4 5.Bg5 Nbd7 6.cxd5 exd5 7.Rc1 c5 8.dxc5 Nxc5
9.Qd4 Bxc3+ 10.Rxc3 Nce4 11.Bxf6 Nxf6 12.e3 O-O 13.Bd3 Re8 14.O-O Ne4 15.Rc2 b6
16.Bb5 Re7 17.Rfc1 Bb7 18.h3 h6 19.b4 Qd6 20.Qb2 Ng5 21.Nd4 g6 22.a3 Ne6
23.Be2 Nxd4 24.Qxd4 Rae8 25.Bf3 Qe5 26.Qxe5 Rxe5 27.Rd2 Kf8 28.h4 h5 29.g3 R8e7
30.Bg2 Rd7 31.Rd4 Ke7 32.Rd2 f5 33.Bf1 Kd8 34.Bb5 Rc7 35.Rxc7 Kxc7 36.Rd4 Bc6
37.Bd3 Kd6 38.Kg2 Re7 39.Kf1 Ke5 40.Ke2 Rc7 41.Kd2 Be8 42.Be2 Ba4 43.Bd3 Be8
44.f3 a5 45.Be2 Ra7 46.g4 fxg4 47.fxg4 axb4 48.axb4 Ra2+ 49.Ke1 Ra1+ 50.Kf2 Ra2
51.Ke1 Ra1+  1/2-1/2

[Event "Biel op (Women)"]
[Site "Biel"]
[Date "1990.??.??"]
[Round "6"]
[White "Nutu Gajic, Dana"]
[Black "Grinfeld, Alla B"]
[Result "1/2-1/2"]
[WhiteElo "2295"]
[BlackElo "2200"]

1.Nf3 d5 2.c4 dxc4 3.e3 e6 4.Bxc4 c5 5.O-O Nf6 6.d4 a6 7.Bd3 Nbd7 8.a4 b6
9.Nc3 Bb7 10.Qe2 Be7 11.Rd1 O-O 12.h3 Qb8 13.Bc2 Rd8 14.e4 cxd4 15.Rxd4 Bc5
16.Rd1 Qc7 17.Bg5 h6 18.Bh4 Re8 19.Bxf6 Nxf6 20.e5 Nd7 21.Be4 Bxe4 22.Qxe4 Red8
23.Ne2 a5 24.Nc3 Nf8 25.Nb5 Qe7 26.Rd2 Rxd2 27.Nxd2 Rd8 28.Nc4 Rd7 29.Rc1 Ng6
30.Nc3 Rd4 31.Qa8+ Rd8 32.Qf3 Qg5 33.Re1 Nh4 34.Qg4 Qxg4 35.hxg4 Ng6 36.Re4 Kf8
37.g3 Ne7 38.Kg2 Nd5 39.Nb5 Ke7 40.Re2 Nb4 41.Nbd6 Nd5  1/2-1/2

[Event "Bielsko Biala op"]
[Site "Bielsko Biala"]
[Date "1990.??.??"]
[Round "1"]
[White "Wach, Slawomir"]
[Black "Matlak, Marek"]
[Result "1/2-1/2"]
[WhiteElo "2285"]
[BlackElo "2420"]

1.Nf3 d5 2.c4 e6 3.g3 c6 4.Bg2 b5 5.b3 Nf6 6.O-O Be7 7.d4 bxc4 8.bxc4 Ba6
9.Nbd2 O-O 10.Qc2 Nbd7 11.Re1 Rb8 12.c5 Qa5 13.e4 Rfc8 14.Re3 Qc7 15.Ra3 Bb5
16.e5  1/2-1/2

[Event "Bielsko Biala op"]
[Site "Bielsko Biala"]
[Date "1990.??.??"]
[Round "1"]
[White "Marszalek, Rafal"]
[Black "Ivanov, Spiridon"]
[Result "0-1"]
[WhiteElo "2300"]
[BlackElo "2365"]

1.Nf3 d5 2.c4 d4 3.g3 Nc6 4.Bg2 e5 5.d3 Nf6 6.O-O Nd7 7.e3 Be7 8.exd4 exd4
9.Re1 O-O 10.Na3 Nc5 11.Ne5 Nxe5 12.Rxe5 c6 13.Nc2 Bd6 14.Rh5 g6 15.Rh4 Be5
16.Bh6 Re8 17.b4 Na4 18.Qd2 Bf6 19.Re4 Rxe4 20.Bxe4 Nc3 21.Bg2 a5 22.a3 Bf5
23.h4 axb4 24.Nxb4 Qd7 25.Bf3 Re8 26.Nc2 Bg4 27.Bxg4 Qxg4 28.Re1 Rxe1+ 29.Qxe1 Qe2
30.Kg2 Qxe1 31.Nxe1 Na4 32.Nc2 Nb2 33.Ne1 Be7 34.Bc1 Na4 35.Kf3 f5 36.Nc2 Bf6
37.h5 Nc5 38.hxg6 Nxd3 39.gxh7+ Kxh7 40.Bd2 Ne5+ 41.Kf4 Nxc4 42.Kxf5 Kg7
43.Bb4 d3 44.Ne3 Nxe3+ 45.fxe3 c5 46.Bd2 c4 47.Ke4 b5 48.Bb4 Bb2 49.Kf3  0-1

[Event "Blackpool zt (Women)"]
[Site "Blackpool"]
[Date "1990.??.??"]
[Round "?"]
[White "Regan, Natasha"]
[Black "McLure, Alison"]
[Result "1/2-1/2"]
[WhiteElo "2010"]
[BlackElo "2010"]

1.Nf3 d5 2.c4 dxc4 3.e3 Nf6 4.Bxc4 e6 5.Nc3 a6 6.d4 c5 7.O-O Nc6 8.Qe2 b5
9.Bb3 c4 10.Bc2 Be7 11.a4 b4 12.Ne4 Na5 13.Nxf6+ Bxf6 14.e4 Bb7 15.Bd2 Be7
16.Rad1 O-O 17.Ne5 Qc7 18.Qh5 Nc6 19.Bf4 Bd6 20.Rfe1 f6 21.Nxc6 Bxf4 22.Nxb4 g6
23.Qh3 Bc8 24.g3 Bd6 25.Na2 e5 26.Qf1 exd4 27.Rxd4 Be6 28.Nc3 Qc5 29.Red1 Be5
30.R4d2 Rab8 31.Bb1 Bg4 32.Rc1 Rfd8 33.Nd5 Be6 34.Rxc4 Qa7 35.b4 Qb7 36.Ba2 Kg7
37.Rdc2 Bxd5 38.exd5 Rxd5 39.Qc1 Rd7 40.Rc8 Rxc8 41.Rxc8 Rd1+ 42.Qxd1 Qxc8
43.Qd5 Qf8 44.Qb7+ Kh6 45.Bd5 Bc3 46.b5 axb5 47.axb5 Bd4 48.h4 Qc5 49.Bg8 Bxf2+
50.Kg2 Qa7 51.Qxh7+ Qxh7 52.Bxh7 Bb6 53.Bg8 g5 54.hxg5+ Kxg5 55.Kf3 f5 56.Be6  1/2-1/2

[Event "Noviki-B"]
[Site "Budapest"]
[Date "1990.??.??"]
[Round "1"]
[White "Stangl, Markus"]
[Black "Lukacs, Peter"]
[Result "1/2-1/2"]
[WhiteElo "2405"]
[BlackElo "2505"]

1.Nf3 d5 2.c4 e6 3.g3 dxc4 4.Qa4+ Nd7 5.Qxc4 a6 6.Bg2 b5 7.Qc2 Bb7 8.O-O Ngf6
9.a4 c5 10.Nc3 Qb6 11.axb5 axb5 12.Rxa8+ Bxa8 13.Ne1 Bxg2 14.Nxg2 Be7 15.Qb3 b4
16.Nd1 O-O  1/2-1/2

[Event "Budapest"]
[Site "Budapest"]
[Date "1990.??.??"]
[Round "1"]
[White "Vadasz, Laszlo"]
[Black "Horvath, Csaba"]
[Result "1/2-1/2"]
[WhiteElo "2345"]
[BlackElo "2460"]

1.Nf3 d5 2.c4 e6 3.g3 g6 4.Bg2 Bg7 5.O-O Ne7 6.d4 O-O 7.Qc2 Nbc6 8.Rd1 Nf5
9.e3 a5 10.b3 b6 11.Bb2 Bb7 12.Nc3 Nd6 13.cxd5 Nb4 14.Qe2  1/2-1/2

[Event "Budapest IM-A"]
[Site "Budapest"]
[Date "1990.??.??"]
[Round "2"]
[White "Busch, Klaus"]
[Black "Nikcevic, Nebojsa"]
[Result "0-1"]
[WhiteElo "2305"]
[BlackElo "2335"]

1.Nf3 d5 2.c4 e6 3.g3 g6 4.Bg2 Bg7 5.d4 Ne7 6.Nbd2 O-O 7.O-O b6 8.Ne5 Bb7
9.cxd5 Bxd5 10.e4 Bb7 11.Ndc4 Ba6 12.Qc2 c5 13.d5 b5 14.d6 Nec6 15.Nxc6 Nxc6
16.Nd2 Qxd6 17.e5 Nd4 18.Qxg6 Qxe5 19.Qg4 f5 20.Qg5 b4 21.Bxa8 Rxa8 22.Qe3 Qd5  0-1

[Event "Elekes mem"]
[Site "Budapest"]
[Date "1990.??.??"]
[Round "2"]
[White "Stangl, Markus"]
[Black "Costa, Jean Luc"]
[Result "0-1"]
[WhiteElo "2405"]
[BlackElo "2360"]

1.Nf3 d5 2.c4 c6 3.d4 Nf6 4.Nc3 a6 5.Bg5 Ne4 6.Bh4 Nxc3 7.bxc3 dxc4 8.e4 b5
9.Ne5 g6 10.Qf3 f6 11.Ng4 Bg7 12.Bg3 O-O 13.Be2 c5 14.e5 Bxg4 15.Qxg4 cxd4
16.cxd4 f5 17.Qf4 Nc6 18.Rd1 Qa5+ 19.Kf1 Rad8 20.h4 h6 21.f3 Qxa2 22.Bf2 Nb4
23.Qg3 Kh7 24.f4 Qb3 25.Qxb3 cxb3 26.Rh3 Nd5 27.Rxb3 Nxf4 28.Bf3 g5 29.hxg5 hxg5
30.g3 Nh3 31.Be1 g4 32.Be2 Rd7 33.Ra3 Rfd8 34.Rxa6 Rxd4 35.Rxd4 Rxd4 36.Re6 Bf8
37.Bxb5 Ng5 38.Rb6 Rd5 39.Be8 e6 40.Rb7+ Kh6 41.Bc6 Rc5 42.Rb6 Rxe5 43.Bd2 Bc5
44.Rb3 Be7 45.Bf4 Rc5 46.Bd7 Kg6 47.Bxg5 Kxg5 48.Bxe6 Bd6 49.Rd3 Bc7 50.Rb3 Kf6
51.Bd7 Ke7 52.Rd3 Bxg3 53.Ba4 Be5 54.Bb3  0-1

[Event "Spring op"]
[Site "Budapest"]
[Date "1990.??.??"]
[Round "3"]
[White "Cvitan, Ognjen"]
[Black "Koczka, Zsolt"]
[Result "1/2-1/2"]
[WhiteElo "2525"]
[BlackElo "2240"]

1.Nf3 d5 2.c4 e6 3.d4 Nf6 4.Nc3 dxc4 5.e3 a6 6.a4 Be7 7.Bxc4 O-O 8.O-O c5
9.Qe2 Nc6 10.Rd1 Qc7 11.h3 b6 12.d5 exd5 13.Nxd5 Nxd5 14.Bxd5 Bb7 15.e4 Nb4
16.Bxb7 Qxb7 17.Bd2 Nc6 18.Bc3 Rfd8 19.Rd5 b5 20.axb5 axb5 21.Rxa8 Rxa8 22.Ne5  1/2-1/2